=LDR 00000nam 2200000 4500 =001 INLIS000000000020946 =005 20130612115842 =008 ***********************************Ind** =035 ##$$0010-061300000020946 =041 ##$$a Ind =082 ##$$a 658.5 =090 ##$$a 658.5, Pra h =100 ##$$a Prawiraamijaya, Rahman =245 ##$$a beberapa pokok dari pelaksanaan quality control dan strorage control pada suatu perusahan, Rahman Prawiraamijaya =260 ##$$a 1984 $b Bandung =300 ##$$a 79 hlm, 21 cm =650 ##$$a manajemen Produksi =850 ##$$a NBPNMAT